Представление документа в формате RUSMARC

ПолеНазваниеЗначение
  Тип записи a
  Библиографический уровень a
001 Контрольный номер RU/CBS_UL/BASE/4d2787d9e9514553b73af4fe5c363e1b
005 Дата корректировки 20260305171859.0
100 Данные общей обработки __
a Данные общей обработки 20260305 ||| 0rusy0189 ca
101 Язык документа 0_
a Язык текста rus
102 Страна публикации __
a Страна публикации RU
200 Заглавие и сведения об ответственности 1_
a Заглавие Чудо для Красавицы
e Сведения, относящиеся к заглавию [бегемотиха по имени Красавица, спасённая в блокадном Ленинграде]
300 Общие примечания __
a Общие примечания 0+
461 Уровень набора _0
1 2000
a Тошка и компания
463 Уровень физической единицы _0
1 2000
a № 2
v С. 26-29 : фото
1 2101
d 2026
1 001RU/CBS_UL/BASE/b77cc90e01c4461296704555d4a5b268
606 Тематические рубрики 0_
a Основная рубрика Зоопарки и зоосады - Ленинград, город
y Географическая подрубрика Ленинград, город
z Хронологическая подрубрика 1941-1945 гг.
610 Ключевые слова 0_
a Ключевые слова зоопарки
610 Ключевые слова 0_
a Ключевые слова Ленинградский зоопарк
610 Ключевые слова 0_
a Ключевые слова Ленинградский зоосад
610 Ключевые слова 0_
a Ключевые слова Великая Отечественная война
610 Ключевые слова 0_
a Ключевые слова блокада Ленинграда
610 Ключевые слова 0_
a Ключевые слова Красавица (бегемотиха)
610 Ключевые слова 0_
a Ключевые слова Красавица (фильмы)
686 Индексы других классификаций __
2 Код системы rubbk
a Классификационный индекс 28.688л645
801 Источник записи _0
a Страна RU
b Организация МБУК ЦБС г. Ульяновска
c Дата составления 20260305
g Правила каталогизации RCR
801 Источник записи _1
a Страна RU
b Организация МБУК ЦБС г. Ульяновска
c Дата составления 20260305
g Правила каталогизации RCR
901 Тип документа __
t Тип документа b
w Контрольный № источника RU/CBS_UL/BASE/b77cc90e01c4461296704555d4a5b268
909 Создатель записи __
a Создатель записи lib2